In vivo measurement system calibration using magnetic resonance imaging and Monte Carlo computations /
| Main Author: | |
|---|---|
| Other Authors: | , , |
| Format: | Thesis Book |
| Language: | English |
| Published: |
1993.
|
| Subjects: | |
| Online Access: | Link to ProQuest copy Link to OAKTrust copy ProQuest, Abstract |
MARC
| Tag | First Indicator | Second Indicator | Subfields |
|---|---|---|---|
| LEADER | 00000ctm a2200000Ia 4500 | ||
| 001 | in00001237306 | ||
| 005 | 20220103134913.0 | ||
| 008 | 950531s1993 xx a bm 000 0 eng d | ||
| 035 | |9 AGS7607AM | ||
| 035 | |a (OCoLC)32575295 | ||
| 035 | |a (OCoLC)ocm32575295 | ||
| 040 | |a TXA |b eng |c TXA |d OCLCQ |d OCLCF |d OCLCO |d UMI |d OCLCQ |d TXA | ||
| 049 | |a TXAM | ||
| 099 | |a 1993 |a Dissertation |a M253 | ||
| 100 | 1 | |a Mallett, Michael Wesley. | |
| 245 | 1 | 0 | |a In vivo measurement system calibration using magnetic resonance imaging and Monte Carlo computations / |
| 264 | 1 | |c 1993. | |
| 300 | |a x, 162 leaves : |b illustrations ; |c 28 cm | ||
| 336 | |a text |b txt |2 rdacontent | ||
| 337 | |a unmediated |b n |2 rdamedia | ||
| 338 | |a volume |b nc |2 rdacarrier | ||
| 500 | |a "Major subject: Nuclear Engineering." | ||
| 500 | |a Vita. | ||
| 502 | |b Ph. D. |c Texas A & M University |d 1993 | ||
| 504 | |a Includes bibliographical references. | ||
| 520 | 3 | |a A new method for calibrating in vivo measurement systems using magnetic resonance imaging and Monte Carlo computations is presented. The method employs the enhanced three-point Dixon technique for producing pure fat and water images of the human body. This information is used to model the scattering media for transport calculations using the current version of the MCNP code (version 4). Development work utilizing a sample fat/water matrix compared well with laboratory measurements. Calibration of an in vivo measurement system using the BOMAB phantom, as compared with Monte Carlo modeling of this procedure, is presented as verification of the MCNP code. Verification of the integrated M RI-MCNP method is shown for a specially designed phantom composed of fat, water, air, and a bone substitute material (acrylic plastic). Implementation of the MRI-MCNP method is demonstrated for an in vivo measurement system. Failures inherent to the current method are discussed, including the inability of the imaging technique to explicitly discriminate between air and bone tissue, and the presence of mismapping errors within the pure fat/water images. Post processing techniques performed on the three-point Dixon images are demonstrated as a potential means of resolving these problems. A modified version of the MCNP code specifically for handling M RI data is also discussed. | |
| 650 | 0 | |a Magnetic resonance imaging. | |
| 650 | 0 | |a Monte Carlo method. | |
| 650 | 0 | |a Radiation |x Measurement. | |
| 650 | 0 | |a Whole body counters. | |
| 650 | 4 | |a Major nuclear engineering. | |
| 655 | 7 | |a Academic theses |2 lcgft | |
| 700 | 1 | |a Bolch, Wesley E., |e degree committee member. | |
| 700 | 1 | |a Dahm, P. Fred, |e degree committee member. | |
| 700 | 1 | |a Hightower, Dan, |e degree committee member. | |
| 700 | 1 | |a Poston, John W., |e degree supervisor. | |
| 710 | 2 | |a Texas A & M University, |e degree granting institution. | |
| 856 | 4 | 1 | |u http://proxy.library.tamu.edu/login?url=http://proquest.umi.com/pqdweb?did=747728771&sid=1&Fmt=2&clientId=2945&RQT=309&VName=PQD |z Link to ProQuest copy |t 0 |
| 856 | 4 | 1 | |u https://hdl.handle.net/1969.1/DISSERTATIONS-1480726 |z Link to OAKTrust copy |t 0 |
| 856 | 4 | 2 | |3 ProQuest, Abstract |u http://gateway.proquest.com/openurl?url_ver=Z39.88-2004&rft_val_fmt=info:ofi/fmt:kev:mtx:dissertation&res_dat=xri:pqm&rft_dat=xri:pqdiss:9328768 |t 0 |
| 994 | |a C0 |b TXA | ||
| 999 | f | f | |s 8827247a-8e5d-36f9-8632-34883ca129df |i 2384fd41-6d4c-3cca-bfc2-2a4634fba805 |t 0 |
| 952 | f | f | |p noncirc |a Texas A&M University |b J.J. Pickle Campus |c High Density Repository |s HDR |d Remote Storage |t 0 |e 1993 Dissertation M253 |h Other scheme |i unmediated -- volume |m A14841052429 |
| 952 | f | f | |a Texas A&M University |b College Station |c Electronic Resources |s www_evans |d Available Online |t 0 |e 1993 Dissertation M253 |h Other scheme |
| 998 | f | f | |a 1993 Dissertation M253 |t 0 |l Available Online |
| 998 | f | f | |a 1993 Dissertation M253 |t 0 |l Remote Storage |